Lập - Thẩm định và quản trị dự án đầu tư
Cuốn sách trình bày nhữung kiến thức căn bản trong việc lập dự án; thẩm định, lựa chọn dự án để đầu tư và đặc biệt là trang bị một số kỹ năng trong lĩnh vực quản trị dự án để bạn đọc có thể ứng dụng được vào công tác thực tế....
Gespeichert in:
| 1. Verfasser: | |
|---|---|
| Format: | Buch |
| Sprache: | Undetermined |
| Veröffentlicht: |
Thành phố Hồ Chí Minh
Tài chính
2010
|
| Schlagworte: | |
| Tags: |
Tag hinzufügen
Keine Tags, Fügen Sie den ersten Tag hinzu!
|
| Thư viện lưu trữ: | Trung tâm Học liệu Trường Đại học Cần Thơ |
|---|
| LEADER | 01186nam a2200205Ia 4500 | ||
|---|---|---|---|
| 001 | CTU_166945 | ||
| 008 | 210402s9999 xx 000 0 und d | ||
| 020 | |c 82000 | ||
| 082 | |a 658.155 | ||
| 082 | |b Gi106 | ||
| 100 | |a Phạm, Xuân Giang | ||
| 245 | 0 | |a Lập - Thẩm định và quản trị dự án đầu tư | |
| 245 | 0 | |c Phạm Xuân Giang | |
| 260 | |a Thành phố Hồ Chí Minh | ||
| 260 | |b Tài chính | ||
| 260 | |c 2010 | ||
| 520 | |a Cuốn sách trình bày nhữung kiến thức căn bản trong việc lập dự án; thẩm định, lựa chọn dự án để đầu tư và đặc biệt là trang bị một số kỹ năng trong lĩnh vực quản trị dự án để bạn đọc có thể ứng dụng được vào công tác thực tế.Nội dung quyển sách gồm có 8 chương. Và sau mỗi chương có phần câu hỏi và bài tập nhằm cũng cố kiến thức cho bạn. | ||
| 650 | |a Investment projects,Dự án đầu tư | ||
| 904 | |i Phuong, Năm | ||
| 980 | |a Trung tâm Học liệu Trường Đại học Cần Thơ | ||